[Event "Karnataka State Open-ch 2018"]
[Site "Bengaluru"]
[Date "2018.04.16"]
[Round "6"]
[White "Thejkumar, M. S."]
[Black "Balkishan, A.."]
[Result "1-0"]
[WhiteElo "2493"]
[BlackElo "2026"]
[Annotator "TA"]
[PlyCount "45"]
[EventDate "2018.??.??"]
[EventType "swiss"]
[EventCountry "IND"]
[SourceTitle "playchess.com"]
[Source "ChessBase"]
[SourceQuality "1"]

{[%evp 16,45,70,67,102,100,82,94,268,268,304,294,297,302,297,288,284,148,168,135,122,118,118,118,175,184,373,371,541,510,29998,759]} 1. d4 Nf6 2. c4 e6 3. Nf3 Bb4+ 4. Nbd2 O-O 5. a3 Be7 6. e4 d5 7. e5 Ne4 {E11: Bogo-Indian} (7... Nfd7 8. Bd3 c5 9. Qc2 h6 10. O-O Nc6 11. Nb3 a5 12. Bf4 b6 13. Rfe1 dxc4 14. Bxc4 a4 15. Nbd2 Bb7 {½-½ (37) Bluebaum,M (2643)-Anand,V (2783) Germany 2017}) 8. Qc2 Nxd2 9. Bxd2 {LiveBook: 3 Games} ({Much weaker is} 9. Nxd2 $6 dxc4 10. Qxc4 b6 $11) 9... h6 {White is slightly better.} 10. h4 $146 ({Predecessor:} 10. c5 Nc6 11. Be2 Bd7 12. b4 a6 13. O-O f5 14. a4 Na7 15. Rfb1 {1-0 (51) Nguyen Huynh Minh,H (2482)-Ilincic,Z (2548) Budapest 2008}) 10... Nc6 11. O-O-O dxc4 $2 (11... a5 $16 {keeps fighting.}) 12. Bxc4 $18 Nxd4 {[#]} 13. Qe4 $1 c5 14. Bd3 {[%csl Gd3][%cal Re4h7]} f5 15. exf6 $1 Bxf6 16. Qh7+ $40 {[%mdl 128] White has strong attack.} (16. Bc3 $142) 16... Kf7 17. Bxh6 Rh8 18. Qg6+ Kf8 19. Bg5 {[#] aiming for Ne5!} Nxf3 (19... Bd7 $16 {was worth a try.}) 20. gxf3 Bd7 $2 (20... Qe7 21. Bc4 Qf7) 21. Be4 {Hoping for Bxf6.} Qe8 (21... Be8 {was necessary.} 22. Rxd8 Bxd8 23. Qxe6 Bxg5+ 24. Kb1 Bf6 25. Qd6+ Be7 26. Qf4+ Bf6) 22. Bxf6 {[%csl Gf6][%cal Rg6g7]} Qd8 (22... Qxg6 $18 23. Bxg6 Be8 24. Bxe8 gxf6) 23. Bg5 {Precision: White = 64%, Black = 25%.} (23. Qxg7+ $142 Ke8 24. Bg6#) 1-0

[Event "Karnataka State Open-ch 2018"]
[Site "Bengaluru"]
[Date "2018.04.16"]
[Round "6"]
[White "Girish, A. Koushik"]
[Black "Manjunath, J."]
[Result "1-0"]
[WhiteElo "2401"]
[BlackElo "1986"]
[Annotator "TA"]
[PlyCount "91"]
[EventDate "2018.??.??"]
[EventType "swiss"]
[EventCountry "IND"]
[SourceTitle "playchess.com"]
[Source "ChessBase"]
[SourceQuality "1"]

{[%evp 20,91,-5,-26,-8,-17,5,0,2,0,29,41,52,42,63,63,85,77,89,72,72,68,76,63,68,68,68,62,90,85,144,89,75,78,83,83,88,91,118,125,143,146,164,155,211,202,196,220,288,288,288,288,279,41,778,745,1077,537,522,506,517,517,513,491,491,488,476,474,12830,12831,12833,11401,1954,2361]} 1. Nf3 d5 2. c4 c6 3. b3 Nf6 4. Bb2 Bf5 5. g3 e6 6. Bg2 Nbd7 7. O-O Be7 8. d3 h6 9. Nbd2 O-O 10. Qc2 Bh7 11. Bc3 {LiveBook: 16 Games. A12: English Opening: 1...c6 with b3 by White} (11. a3 a5 12. Bc3 Re8 13. Qb2 Bf8 14. Rfe1 Qb6 15. b4 axb4 16. axb4 Rec8 17. e4 dxe4 18. dxe4 Rxa1 19. Rxa1 Nxe4 20. c5 Qc7 {0-1 (77) Ponkratov,P (2613)-Potkin,V (2574) Riadh 2017}) 11... Rc8 12. Qb2 b5 13. cxb5 {The position is equal.} cxb5 14. Rac1 $146 ({Predecessor:} 14. a3 a5 15. Rfc1 Qb6 16. b4 a4 17. Bd4 Qb7 18. Ne5 Nxe5 19. Bxe5 Rfd8 20. h3 {½-½ (20) Pogats,J-Tipary,L Budapest 1958}) 14... Qb6 15. b4 Qa6 16. Nb3 Rfd8 17. a3 Qd6 18. Bd4 Qb8 19. Ne5 Nxe5 20. Bxe5 Qa8 21. Bh3 Ne8 22. Rxc8 Rxc8 23. Rc1 Bf8 24. Nd4 Bg6 {[#]} (24... a6 $142) 25. Nxb5 (25. Rxc8 $142 $1 Qxc8 26. Nxb5) 25... Rxc1+ $16 26. Qxc1 a5 {[#]} 27. bxa5 $1 Qxa5 28. Qb2 Qe1+ 29. Bf1 Bc5 30. Bd4 Bxd4 31. Nxd4 Nf6 (31... Qa5 $16 32. Qb4 Qxb4 33. axb4 Kf8) 32. h3 $18 Qd1 33. Nf3 Bxd3 34. exd3 Qxf3 35. a4 {[%cal Ba3a4,Ba4a5,Ba5a6][%mdl 32]} Qd1 36. Qa3 $2 (36. a5 $18 Qa4 37. Qb6) 36... e5 $2 {[%mdl 8192]} (36... Nh7 $14) 37. a5 {White is clearly winning.} e4 38. dxe4 (38. a6 $142) 38... Nxe4 39. a6 Nd2 40. Qd3 Nf3+ 41. Kh1 Qa1 42. a7 $1 ({Worse is} 42. Qxf3 Qxf1+ 43. Kh2 Qxa6 $11) 42... Qxa7 43. Qxf3 d4 (43... Qd7 $142 44. Kg2 Qc6) 44. Bc4 Qd7 45. Kg2 Kf8 46. Qd5 {Precision: White = 70%, Black = 28%.} 1-0

[Event "Karnataka State Open-ch 2018"]
[Site "Bengaluru"]
[Date "2018.04.16"]
[Round "6"]
[White "Gahan, M G"]
[Black "Isha, Sharma"]
[Result "1/2-1/2"]
[WhiteElo "2281"]
[BlackElo "1926"]
[Annotator "TA"]
[PlyCount "143"]
[EventDate "2018.??.??"]
[EventType "swiss"]
[EventCountry "IND"]
[SourceTitle "playchess.com"]
[Source "ChessBase"]
[SourceQuality "1"]

{[%evp 11,143,-58,-54,-107,-26,-94,-120,-86,-89,-227,-207,-224,-228,-196,-199,-275,-208,-157,-162,-182,49,56,50,49,55,44,60,60,68,43,58,45,64,52,53,45,51,56,63,49,80,23,24,34,40,0,0,0,15,0,6,-38,0,0,-2,-14,-8,0,0,-60,-61,-59,-63,-76,-77,-92,-76,-98,-83,-89,-84,-89,-88,-91,-83,-67,-64,-126,-135,-145,-138,-174,-160,-362,-128,-163,-95,-147,-47,-48,-48,-37,-26,-34,-38,-56,0,-37,0,-238,-230,-227,-12,-129,0,0,0,0,0,0,0,0,0,0,0,0,0,0,0,0,0,0,0,0,0,0,0,0,0,0,0,0,0,0]} 1. e4 d6 2. d4 Nf6 3. Nc3 e5 4. Nf3 Nbd7 5. Bc4 Be7 6. g4 {C41: Philidor Defence} Nb6 {LiveBook: 11 Games} 7. dxe5 (7. Bb5+ $15 c6 8. dxe5 Nxg4 9. Be2) 7... Nxg4 (7... Nxc4 $17 8. exf6 Bxf6) 8. Bb5+ (8. exd6 $11 {remains equal.} Qxd6 9. Qxd6 Bxd6 10. Bd3) 8... c6 $17 9. exd6 Bh4 (9... cxb5 $6 10. dxe7 Qxd1+ 11. Nxd1 $14) 10. Nxh4 (10. O-O $17 cxb5 11. Nxb5) 10... Qxh4 $19 {[%csl Gg4][%cal Rh4f2] [#]} 11. Qf3 $146 ({Predecessor:} 11. Qd4 cxb5 12. Nxb5 O-O 13. Nc7 Nxf2 14. O-O Nh3+ 15. Kh1 Bd7 16. Bd2 Bc6 17. Rae1 Rad8 18. Rf3 Qg4 19. Ree3 Qg3 20. Rf1 {0-1 (20) Mamedov,R (2638)-Dyachkov,S (2553) Moscow 2009}) 11... cxb5 12. Nxb5 O-O (12... Nxh2 13. Qg2 $16) 13. Bf4 (13. Qg3 $142 Qxg3 14. hxg3) 13... Nc4 14. Nc7 Nge5 15. Qg3 {[#]} Ng6 $2 ({Resist} 15... Qxg3 16. Bxg3 Rb8 17. O-O-O $15) (15... Qh5 $1 $19 16. Bxe5 Nxe5 17. Nxa8 Nf3+ 18. Ke2 Re8) 16. Qxh4 $14 Nxh4 17. O-O-O Bd7 18. Nxa8 Rxa8 19. Bg3 Ng6 20. h4 h5 21. Rd5 Bc6 22. Rxh5 Bxe4 23. Re1 Bc6 24. Rg5 Rd8 25. b3 Nb6 $1 ({Don't blunder} 25... Nxd6 $2 26. Rd1 $18) 26. c4 ({White should try} 26. h5 $16 Nf8 27. Be5) 26... Nd7 $11 27. h5 Ngf8 28. Bh4 Ne6 29. Rg3 Rc8 30. Reg1 Kh7 31. f4 Nxf4 {aiming for ...Ne2+.} 32. Rxg7+ Kh6 $1 33. Rg8 Rxg8 34. Rxg8 Kxh5 35. Be7 (35. Be1 $11) 35... Ng6 $15 36. Kd2 f5 {[%cal Bf7f5,Bf5f4,Bf4f3][%mdl 32]} 37. Rg7 f4 38. Ke2 f3+ 39. Kf1 Kh6 40. Rf7 Nge5 41. Rf4 Kg6 42. Bh4 Nd3 43. Rd4 Nc1 44. Rd2 (44. b4 $15 a6 45. Be1) 44... Kf5 $17 45. Bf2 a6 46. Rc2 Nd3 47. Rd2 $2 (47. Bd4 $17) 47... N7e5 $2 (47... Nxf2 $19 {and Black stays clearly on top.} 48. Kxf2 Ke4) 48. Bg3 Ke6 (48... Bd7 $19 49. a4 Nf4) 49. b4 ({Better is} 49. Rd1) 49... Be4 ({And not} 49... Nxb4 50. Bxe5 Kxe5 51. a3 $16) (49... Bd7 $17 50. a3 Kf6 51. Bxe5+ Nxe5) 50. Bxe5 $1 $15 Nxe5 51. Rd4 Bc6 {And now ...Nxc4! would win.} 52. Kf2 b6 53. Kg3 Nf7 (53... Nd7 $15) 54. b5 Nxd6 55. Rf4 $2 (55. Rxd6+ $11 {and White stays safe.} Kxd6 56. bxc6) 55... axb5 $19 56. cxb5 Nxb5 $2 (56... Be4 $19 {Hoping for ...Kd5.} 57. Kf2 Ke5) 57. Rb4 $11 Kd6 (57... Ke5 $17 {...Kd5 is the strong threat.} 58. a3 Kd5) 58. a4 {The position is equal.} Kc5 (58... Nc3 {with more complications.} 59. Rxb6 Ne2+ 60. Kf2 Nd4 61. a5 Kc7) 59. axb5 Bxb5 {[%mdl 4096] Endgame KR-KB} 60. Rf4 Be2 61. Kf2 b5 62. Ke3 b4 63. Kd2 Kb5 64. Kc2 Ka4 65. Kb2 Bd1 66. Rd4 Be2 {( -> ...f2)} 67. Rf4 Kb5 68. Kc2 Kc5 69. Kd2 Kb5 70. Kc2 Kc5 71. Kd2 b3 72. Kc3 {Precision: White = 45%, Black = 58%.} 1/2-1/2

[Event "Karnataka State Open-ch 2018"]
[Site "Bengaluru"]
[Date "2018.04.16"]
[Round "6"]
[White "Yashas, D."]
[Black "Hardik, Jha"]
[Result "1-0"]
[WhiteElo "2243"]
[BlackElo "1882"]
[Annotator "TA"]
[PlyCount "41"]
[EventDate "2018.??.??"]
[EventType "swiss"]
[EventCountry "IND"]
[SourceTitle "playchess.com"]
[Source "ChessBase"]
[SourceQuality "1"]

{[%evp 17,41,0,14,-2,1,-5,-4,-60,-20,-11,-7,-3,3,4,36,-4,36,31,235,222,375,382,629,621,705,727]} 1. Nf3 Nf6 2. b3 g6 3. Bb2 Bg7 4. g3 d6 5. Bg2 O-O 6. O-O Nbd7 {[%cal Bb8d7,Bd7c5,Bc5e6,Be6c7][%mdl 32]} 7. c4 Re8 8. d3 c6 9. Nc3 e5 {LiveBook: 14 Games} 10. Nd2 {A15: English Opening: 1...Nf6} (10. e4 Nf8 11. d4 Qc7 12. d5 c5 13. Ne1 a6 14. Nd3 Rb8 15. a4 h5 16. Bc1 h4 17. a5 b5 {1-0 (43) Pakhomov,E (2473)-Mashkov,S (2309) Moscow 2017}) 10... Nc5 11. b4 Ne6 12. Na4 $146 ({Better is} 12. Nf3 $11) ({Predecessor:} 12. a4 Ng5 13. Nde4 Ngxe4 14. dxe4 Be6 15. Qd3 Qb6 16. Na2 Rad8 17. a5 Qc7 {1-0 (58) Kriz,L (2099)-Broz,P (1801) Frymburk 2002}) 12... Nc7 13. Qc2 Rb8 14. Rac1 Bg4 15. Rfe1 Qd7 16. Ne4 {[%cal Bd2e4,Be4d6,Bd6e8][%mdl 32]} Bh3 17. Nxd6 $1 Bxg2 $2 {[#]} (17... Qxd6 $14 18. Bxh3 Qxb4) 18. Nxe8 $18 Bh3 $2 (18... Nfxe8 {keeps fighting.} 19. Kxg2 Ne6) 19. Nxg7 Ng4 $2 (19... Qe7 20. Qc3 Nd7) 20. f3 Ne3 21. Qd2 1-0

[Event "Karnataka State Open-ch 2018"]
[Site "Bengaluru"]
[Date "2018.04.16"]
[Round "6"]
[White "Arvind, Shastry"]
[Black "Sridharan Ramanathan"]
[Result "1-0"]
[WhiteElo "2175"]
[BlackElo "1997"]
[Annotator "TA"]
[PlyCount "55"]
[EventDate "2018.??.??"]
[EventType "swiss"]
[EventCountry "IND"]
[SourceTitle "playchess.com"]
[Source "ChessBase"]
[SourceQuality "1"]

{[%evp 9,55,0,32,33,29,35,67,59,76,77,116,96,110,100,120,123,133,146,147,118,131,123,146,127,136,112,112,107,105,109,152,156,171,156,161,137,156,162,163,147,162,176,178,168,211,166,487,491]} 1. d4 Nf6 2. Bg5 d5 3. Bxf6 exf6 4. e3 Bd6 5. c4 c6 (5... dxc4 6. Bxc4 f5 7. Nc3 O-O 8. Nf3 Nd7 9. O-O c6 10. Qc2 Nf6 11. a3 Qe7 12. b4 Bd7 13. Bd3 g6 14. Na4 Rad8 15. Nc5 Bc8 16. Bc4 Kg7 17. Rab1 Ne4 {½-½ (50) Korobov,A (2715)-Leko,P (2737) Kiev 2013}) 6. cxd5 {D00: 1 d4 d5: Unusual lines} cxd5 7. Nc3 O-O 8. Nxd5 {White is slightly better.} Qa5+ $146 ({Predecessor:} 8... f5 9. Nc3 Re8 10. Bb5 Nc6 11. Nf3 a6 12. Bd3 f4 13. e4 {½-½ (32) Trojacek,P (2103)-Koubek,V (2039) Tabor 2007}) 9. Nc3 Bb4 10. Qc2 Nc6 11. Bd3 h6 12. Nge2 Bd7 13. O-O Bd6 14. Qb3 Nb4 15. Be4 Rab8 16. a3 Nc6 17. Qd5 Qxd5 18. Bxd5 Ne7 19. Bb3 b5 20. Ne4 Bc7 21. Nc5 Bc8 22. Rac1 Ba5 23. Nf4 Rd8 24. Ba2 Bg4 25. h3 Bf5 26. Rfd1 b4 27. a4 {[#] Strongly threatening Nb3.} Bc8 $2 (27... Rd6 {is tougher.} 28. Bc4 Bb6) 28. Nb3 {Precision: White = 58%, Black = 32%.} 1-0

[Event "Karnataka State Open-ch 2018"]
[Site "Bengaluru"]
[Date "2018.04.16"]
[Round "6"]
[White "Likhit, Chilukuri"]
[Black "Stany, G.A"]
[Result "1/2-1/2"]
[WhiteElo "1988"]
[BlackElo "2493"]
[Annotator "TA"]
[PlyCount "119"]
[EventDate "2018.??.??"]
[EventType "swiss"]
[EventCountry "IND"]
[SourceTitle "playchess.com"]
[Source "ChessBase"]
[SourceQuality "1"]

{[%evp 12,119,-13,-29,-6,-6,13,21,41,-31,-31,-38,-14,-12,-16,-27,-20,-10,-6,-16,-18,-47,-11,-41,-17,-24,-26,-48,-52,-52,-45,-55,-39,-37,-17,-34,-20,-14,-1,0,0,-21,-19,-11,0,-41,-29,-36,-42,-59,-56,-96,-3,-152,0,0,0,0,0,0,0,-35,-29,-29,0,0,0,0,0,0,0,0,0,0,0,0,0,0,0,0,0,0,0,0,0,0,0,0,0,0,0,-14,0,0,0,0,0,0,0,0,0,-142,0,0,0,-128,0,0,0,-79]} 1. e4 g6 2. Nc3 Bg7 3. f4 c5 4. Nf3 Nc6 5. Bb5 Nd4 6. O-O a6 7. Bd3 {LiveBook: 156 Games} Nc6 {B23: Closed Sicilian: Lines without g3} 8. Be2 (8. e5 d6 9. Qe2 dxe5 10. fxe5 Nh6 11. Kh1 Bg4 12. Be4 Rc8 13. d3 Nf5 14. e6 f6 15. Qf2 {1-0 (37) Petrosian,T (2648)-Jaracz,P (2548) Warsaw 2012}) 8... e6 9. e5 d6 {[%cal Rd6e5]} 10. exd6 (10. d4 $14) 10... Qxd6 $15 11. Ne4 Qe7 12. d3 Nf6 13. c3 O-O $146 ({Predecessor:} 13... Nd5 14. Kh1 O-O 15. Rb1 {1-0 (27) Krumova,A (1913)-Todorova,K (1830) Bankia 2011}) 14. Be3 b6 15. Nxf6+ Bxf6 16. Qb3 Rb8 17. Nd2 {[%cal Bf3d2,Bd2e4,Be4f6][%mdl 32]} Rd8 18. Ne4 Bg7 19. Rad1 Qc7 20. Bf2 Ne7 21. Bh4 Bb7 22. Bf3 Rf8 23. Nf6+ Kh8 {Hoping for ...Nf5.} 24. Bxb7 Qxb7 25. Rf3 Rfd8 26. Rdf1 Nd5 27. Ne4 Rd7 28. Rh3 f5 29. Ng5 Re8 30. Be1 Bf6 {And now ...e5 would win.} 31. Bh4 Kg7 (31... e5 $17 32. fxe5 Rxe5) 32. Qc2 (32. c4 $1 $11 Nb4 33. Nxh7 $1 {[%mdl 512]} Bxh4 34. Qc3+ Kg8 35. Ng5 Rxd3 36. Qf6 Rxh3 37. Qxg6+ Kf8 38. Qf6+ Kg8 39. Qg6+ Kf8 40. Qf6+ Kg8 41. Qg6+) 32... h6 $2 (32... e5 $1 $17 33. fxe5 Bxe5) 33. Nf3 $11 Nxf4 34. Bxf6+ Kxf6 35. Rxh6 Kg7 ({Reject} 35... Rxd3 $6 36. Qf2 $16) 36. Qd2 (36. Rh4 $5 {[%cal Rh4f4]} e5 37. d4 $11) 36... Kxh6 37. Qxf4+ Kg7 38. Ne5 Rd5 39. Qg3 Rxe5 40. Qxe5+ {[%mdl 4096] Endgame KQR-KQR} Kf7 41. Rf3 Qb8 42. Qe3 Rh8 43. Rh3 Rxh3 44. Qxh3 {KQ-KQ} Qf4 45. Qh7+ Kf6 46. h3 Qe3+ 47. Kh2 Qxd3 48. Qh8+ Kf7 {aiming for ...Qd6+.} 49. Qh7+ Kf6 50. Qh8+ Kg5 51. Qb8 f4 52. Qxb6 Qg3+ 53. Kh1 Qe1+ 54. Kh2 Qe5 55. Qd8+ Kf5 56. Qf8+ {[#]} (56. Qd3+ $11 Kf6 57. Qd8+ Kf7 58. Qd7+ Kf6 59. Qd8+ Kf5 60. Qd3+ Kf6 61. Qd8+) 56... Kg5 (56... Ke4 $1 $17 {White must now prevent ...Kd3.} 57. Qe8 g5) 57. Qe7+ Kf5 {Strongly threatening ...f3+.} 58. Qf8+ {[#]} (58. Kg1 $11) 58... Kg5 (58... Ke4 $1 $17 59. Qh6 f3+ 60. Kg1 Qg3) 59. Qe7+ Kf5 {...f3+ is the strong threat.} 60. Qf8+ {Precision: White = 52%, Black = 56%.} (60. Qf7+ $11 {keeps the balance.} Kg5 61. Qe7+) 1/2-1/2

[Event "Karnataka State Open-ch 2018"]
[Site "Bengaluru"]
[Date "2018.04.16"]
[Round "6"]
[White "Kishan, Gangolli"]
[Black "Manasa H R"]
[Result "1-0"]
[WhiteElo "1974"]
[BlackElo "1615"]
[Annotator "NA RC"]
[PlyCount "30"]
[EventDate "2018.??.??"]
[EventType "swiss"]
[EventCountry "IND"]
[SourceTitle "playchess.com"]
[Source "ChessBase"]
[SourceQuality "1"]
[TimeControl "5400+30"]

1. d4 d5 2. c4 e6 3. Nc3 Nf6 4. cxd5 exd5 5. Bg5 Be7 6. e3 c6 7. Bd3 Nbd7 8. Qc2 O-O 9. Nf3 Re8 10. O-O Nf8 11. Rab1 Bg4 $14 {LiveBook: 20 Games} 12. Ne5 Bh5 13. b4 a6 14. a4 Rc8 15. Bf5 Ne6 1-0

[Event "Karnataka State Open-ch 2018"]
[Site "Bengaluru"]
[Date "2018.04.16"]
[Round "6"]
[White "Santoshkashyap, Hg"]
[Black "Sanjay, N."]
[Result "1/2-1/2"]
[WhiteElo "1929"]
[BlackElo "2346"]
[Annotator "TA"]
[PlyCount "52"]
[EventDate "2018.??.??"]
[EventType "swiss"]
[EventCountry "IND"]
[SourceTitle "playchess.com"]
[Source "ChessBase"]
[SourceQuality "1"]

{[%evp 17,52,120,131,120,120,126,121,124,129,127,131,126,127,137,136,138,133,134,134,129,171,89,88,56,66,48,156,68,85,64,119,57,50,-29984,29991,-594,1522]} 1. d4 Nf6 2. Nf3 g6 3. c4 c5 4. d5 b5 5. cxb5 a6 6. e3 axb5 7. Bxb5 Qa5+ 8. Nc3 Ne4 9. a4 {A57: Benko/Volga Gambit} Bg7 {LiveBook: 6 Games} 10. O-O Bxc3 (10... Nxc3 11. bxc3 O-O 12. Bd2 Bxc3 13. Bxc3 Qxc3 14. Rc1 Qa3 15. Ne5 Ba6 16. d6 c4 17. Nxc4 Qc5 18. dxe7 Qxe7 19. Nb6 Bxb5 20. axb5 Ra5 21. Qd4 f6 22. Qc3 Ra7 23. Qc5 {1-0 (23) Peng,Z (2376)-Arnaudov,P (2480) Skopje 2015}) 11. bxc3 {White is better.} Nxc3 12. Qc2 $146 ({Predecessor:} 12. Qd3 Nxb5 13. Bb2 Nd6 14. Bxh8 Ba6 15. Qc3 Bxf1 16. Qxa5 Rxa5 {0-1 (62) Ligato,G (2197)-Duarte,L (2152) Buenos Aires 2003}) 12... Nxb5 13. Bd2 Qb6 {[#] ...Nc7 is the strong threat.} 14. axb5 Rxa1 15. Rxa1 d6 16. Nd4 O-O 17. Nc6 Nxc6 18. bxc6 f5 19. Qc4 ({White should try} 19. h3 $18) 19... Qb2 $16 20. Bc3 Qc2 21. h4 Qe4 (21... f4 $14) 22. Qb3 (22. Qxe4 $16 fxe4 23. Ra7) 22... f4 23. Ra4 c4 (23... Qd3 $14) 24. Rxc4 (24. Qxc4 $16 Qxc4 25. Rxc4) 24... Qxd5 $14 25. Ra4 $2 {[%mdl 8192] [#]} (25. e4 $14 Qf7 26. Rb4) 25... Qc4 $4 {[%mdl 8192]} (25... Qxb3 26. Rxf4 Rxf4 27. exf4 Qxc3 28. f5 gxf5 29. Kh2 f4 30. f3 Qxc6 31. h5 Qc1 32. h6 Qe1 33. g4 fxg3+ 34. Kg2 Qf2+ 35. Kh1 Qh2#) 26. Qb1 $4 {[%mdl 8192]} (26. Qxc4+ {is the narrow road to win.} e6 27. exf4 h5 28. Qd3 Rf5 29. Ra7 d5 30. Qd4 e5 31. Qxd5+ Be6 32. Qxe6+ Kh8 33. Qe8+ Rf8 34. Qxf8#) 26... fxe3 $4 {[%mdl 40960] Precision: White = 23%, Black = 47%. . An unexpected result.} (26... Qxa4 $19 27. Qb4 Qxc6 28. exf4 Qd5) 1/2-1/2

[Event "Karnataka State Open-ch 2018"]
[Site "Bengaluru"]
[Date "2018.04.16"]
[Round "6"]
[White "Sudarshan Bhat"]
[Black "Nitish Bhat"]
[Result "1-0"]
[WhiteElo "1892"]
[BlackElo "1637"]
[Annotator "NA RC"]
[PlyCount "86"]
[EventDate "2018.??.??"]
[EventType "swiss"]
[EventCountry "IND"]
[SourceTitle "playchess.com"]
[Source "ChessBase"]
[SourceQuality "1"]
[TimeControl "5400+30"]

{[%evp 8,84,15,32767,32767,32767,32767,32767,32767,32767,24,32767,32767,44,28,30,79,63,68,68,32767,32767,32767,32767,32767,55,32767,32767,32767,32767,32767,46,83,14,32,0,19,32767,16,4,79,32,103,34,89,31,93,48,106,81,86,91,81,99,117,127,233,145,105,32767,32767,223,173,249,308,335,590,361,312,372,333,321,309,222,377,440,450,449,512]} 1. e4 {[%emt 0:00:00]} c5 {[%emt 0:00:06]} 2. c3 {[%emt 0:00:11]} Nf6 {[%emt 0:00:04]} 3. e5 {[%emt 0:00:17]} Nd5 {[%emt 0:00:04]} 4. d4 {[%emt 0:00:14]} e6 {[%emt 0:00:27]} 5. Nf3 {[%emt 0:03:15]} cxd4 {[%emt 0:00:04]} 6. cxd4 {[%emt 0:00:09]} Nc6 {[%emt 0:00:20]} 7. a3 {[%emt 0:03:13]} d6 {[%emt 0:00:34]} 8. Bd3 {[%emt 0:00:57]} Be7 {[%emt 0:00:25] LiveBook: 60 Games} 9. O-O {[%emt 0:01:00]} O-O {[%emt 0:03:14]} 10. Qe2 {[%emt 0:02:13]} dxe5 {[%emt 0:00:22]} 11. dxe5 {[%emt 0:00:36]} f6 {[%emt 0:01:05] B22: Sicilian: 2 c3} (11... Qa5 12. Bd2 Qa4 13. Nc3 Nxc3 14. Bxc3 Rd8 15. b4 Nb8 16. Rfd1 g6 17. Nd2 Bd7 18. Ne4 Bc6 19. Nf6+ Kg7 20. Bc2 Qa6 21. Qg4 Nd7 22. Qh4 h6 23. Rd3 Bf8 24. Qxh6+ Kxh6 25. Rh3+ Kg5 26. Bd2# {1-0 (26) Haznedaroglu,K (2428)-Vucinic,G (2253) Skopje 2013}) 12. exf6 {[%emt 0:05:30]} ({Much weaker is} 12. Qe4 f5 $11) 12... Bxf6 {[%emt 0:01:22] [#]} 13. Nc3 $1 $146 {[%emt 0:11:47]} ({Predecessor:} 13. Rd1 Qb6 14. Ng5 Bxg5 15. Bxg5 h6 16. Bc1 Nd4 17. Qe4 Nf6 18. Qg6 Rf7 19. Bxh6 {1-0 (29) Giliazitdinov,E (2073)-Lukashov,V (2099) Novosibirsk 2011}) 13... Nxc3 {[%emt 0:01:08]} 14. bxc3 {[%emt 0:00:11]} e5 {[%emt 0:11:13]} 15. Qe4 {[%emt 0:05:46]} g6 {[%emt 0:00:46]} 16. Bh6 {[%emt 0:02:14]} Bg7 {[%emt 0:02:52]} 17. Bc4+ {[%emt 0:04:54]} Kh8 {[%emt 0:00:02]} 18. Bxg7+ {[%emt 0:00:16]} Kxg7 {[%emt 0:00:04]} 19. Nxe5 {[%emt 0:11:08]} Qe7 {[%emt 0:01:20]} 20. f4 {[%emt 0:05:05]} ({White should try} 20. Rae1 $16) 20... Qc5+ {[%emt 0:00:46]} 21. Kh1 {[%emt 0:00:51]} Bf5 {[%emt 0:00:12]} 22. Qd5 {[%emt 0:01:52]} Qxd5 {[%emt 0:03:53]} 23. Bxd5 {[%emt 0:00:05]} Rac8 {[%emt 0:02:29]} (23... Nxe5 $11 {keeps the balance.} 24. fxe5 Rac8) 24. c4 {[%emt 0:06:36]} ({White should try} 24. Bxc6 $16 bxc6 25. Kg1) 24... Rc7 {[%emt 0:00:34]} (24... Nxe5 $11 {keeps the balance.} 25. fxe5 Rfe8) 25. Rad1 {[%emt 0:02:02]} (25. Bxc6 $16 bxc6 26. Rad1) 25... h5 {[%emt 0:06:34]} (25... Nxe5 $11 {remains equal.} 26. fxe5 Re8) 26. h3 {[%emt 0:01:29]} ({White should try} 26. Bxc6 $16 bxc6 27. h3) 26... Ne7 {[%emt 0:04:09]} (26... Nxe5 $11 27. fxe5 Re8) 27. Rd2 {[%emt 0:06:22]} b6 {[%emt 0:00:31]} 28. Kh2 {[%emt 0:02:12]} Bc8 {[%emt 0:00:21]} 29. g4 {[%emt 0:03:33]} hxg4 {[%emt 0:00:12]} 30. hxg4 {[%emt 0:00:03]} Rc5 {[%emt 0:00:36]} 31. Kg3 {[%emt 0:01:05]} b5 {[%emt 0:04:51]} (31... Ra5 $16 {might work better.} 32. Rf3 Re8) 32. Re1 {[%emt 0:05:46]} Rd8 {[%emt 0:03:33]} 33. Red1 {[%emt 0:06:56]} Ba6 {[%emt 0:02:49]} 34. Nd3 {[%emt 0:01:08]} Rc7 {[%emt 0:00:16]} 35. Nb4 {[%emt 0:00:17]} Rd6 {[%emt 0:03:49]} 36. Bf3 {[%emt 0:02:56]} Re6 $2 {[%emt 0:00:28]} (36... Rxd2 {is a better defense.} 37. Rxd2 Bb7 38. cxb5 Bxf3) 37. Rd6 {[%emt 0:01:13]} Rxd6 {[%emt 0:00:56]} 38. Rxd6 {[%emt 0:00:02]} Bb7 {[%emt 0:00:44]} 39. Bxb7 {[%emt 0:00:47]} Rxb7 {[%emt 0:00:02]} 40. cxb5 {[%emt 0:00:15]} Nc8 $2 {[%emt 0:01:26]} (40... Rxb5 41. Rd7 Kf8 42. Rxa7 g5 43. fxg5 Rxg5) 41. Rc6 {[%emt 0:01:30]} Ne7 {[%emt 0:00:35]} 42. Rc5 {[%emt 0:00:03]} Kf7 $18 {[%emt 0:00:55]} 43. Nc6 {[%emt 0:01:54]} Ke8 1-0